Train your dog
| Main Author: | |
|---|---|
| Format: | Book |
| Published: |
London :
A quintet book ,
1991
|
MARC
| LEADER | 00000cam a2200000 7i4500 | ||
|---|---|---|---|
| 001 | 0000067197 | ||
| 005 | 20161018.0 | ||
| 008 | 161018 | ||
| 020 | |a 1853483273 | ||
| 090 | 0 | 0 | |a 636.7 |b HAR |
| 100 | 1 | |a Harper,Don | |
| 245 | 1 | 0 | |a Train your dog |c Don Harper |
| 260 | |a London : |b A quintet book , |c 1991 | ||
| 999 | |a 0000760739 |b Book |c Adult Collection |e Cawangan Muar | ||
| 999 | |a 0000760743 |b Book |c Acts |e Cawangan Pontian | ||